Tác động của chính sách tài chính vĩ mô đến hoạt động khoa học và công nghệ cấp huyện

Gespeichert in:
Bibliographische Detailangaben
1. Verfasser: Trần, Tân Phong
Format: Buch
Sprache:Undetermined
Schlagworte:
Online Zugang:http://lrc.tdmu.edu.vn/opac/search/detail.asp?aID=2&ID=35708
Tags: Tag hinzufügen
Keine Tags, Fügen Sie den ersten Tag hinzu!
Thư viện lưu trữ: Trung tâm Học liệu Trường Đại học Thủ Dầu Một
LEADER 00620nam a2200133Ia 4500
001 TDMU_35708
008 210410s9999 xx 000 0 und d
082 |a 378.1 
100 |a Trần, Tân Phong 
245 0 |a Tác động của chính sách tài chính vĩ mô đến hoạt động khoa học và công nghệ cấp huyện 
300 |a Tr.3-7 
650 |a Khoa học Công nghệ; Tác động; Tài chính vĩ mô; Hoạt động khoa học 
856 |u http://lrc.tdmu.edu.vn/opac/search/detail.asp?aID=2&ID=35708 
980 |a Trung tâm Học liệu Trường Đại học Thủ Dầu Một